000 01239nam a2200325 4500
001 0000017863
003 CO-CtgCURN
005 20250512230856.0
007 ta
008 160627s2002 000 0 eng d
020 _a9586760499
040 _aCO-CtgCURN
_bspa
_ccoctgcurn
082 0 _a344.01
_bG65d
100 1 _aGonzález Charry, Guillermo.
245 1 0 _aDerecho laboral colombiano :
_brelaciones individuales ley 50 de 1990 y c.n. de 1991 /
_cGuillermo Gonzales Charry.
250 _a9a ed.
260 _aBogotá :
_bGrupo Editorial Leyer,
_c2002.
300 _a684 p.
336 _2rdacontent
337 _2rdamedia
_asin mediacion
_bn
338 _2rdacarrier
_avolumen
_bnc
500 _aIncluye indice.
504 _aBibliografia (p. 681-684)
505 8 _aEvolucion historico-juridica del trabajo.-- El trabajo y su reglamentacion en los publos de America Precolombina.--El trabajo en la America Hispanica y en Colombia.--La prescripcion en materia laboral
650 1 4 _aLegislacion laboral
_zColombia.
908 _a160627
942 _cBK
_h344.01
_iG65d
_2ddc
_n0
999 _c19579
_d19579